| 000 | 00540nam a22001577a 4500 | ||
|---|---|---|---|
| 040 | _cNUST | ||
| 082 | _a200 | ||
| 100 |
_aRukaiya _995937 |
||
| 110 |
_aSupervisor Dr. Farhan Hussain _995938 |
||
| 245 |
_aEfficient Multi-Channel Medium Access Control Protocol for SDR-based Tactical Wireless Networks/ _cRukaiya |
||
| 260 |
_aRAWALPINDI: _bNUST COLLEGE OF EME, _c2022. |
||
| 300 |
_a181,p; _bill; _c2022. |
||
| 650 |
_aPhD COMPUTER ENGINEERING _990709 |
||
| 856 | _u http://10.250.8.41:8080/xmlui/handle/123456789/34733 | ||
| 942 |
_2ddc _cSC |
||
| 999 |
_c590703 _d590703 |
||